| 000 | 00476nam a22001817a 4500 | ||
|---|---|---|---|
| 003 | NUST - PNEC | ||
| 005 | 20170116181033.0 | ||
| 008 | 150919b xxu||||| |||| 00| 0 eng d | ||
| 020 | _a0352045600 | ||
| 040 | _cLIBRARY | ||
| 082 | _a621.43 OBE | ||
| 100 |
_911231 _aObert, Edward F. |
||
| 245 |
_aInternal combustion engines and air pollutions _cEdward F. Obert |
||
| 250 | _a3rd ed. | ||
| 260 | _cc.1973 | ||
| 650 |
_911232 _aInternal combustion _xME |
||
| 942 |
_2ddc _cBK |
||
| 999 |
_c67829 _d67829 |
||